Catalog

Record Details

Catalog Search



The real Messiah : the throne of St. Mark and the true origins of Christianity  Cover Image Book Book

The real Messiah : the throne of St. Mark and the true origins of Christianity / Stephan Huller.

Huller, Stephan. : (author).

Summary:

Highly controversial but impeccably researched, The Real Messiah explodes the myth that Jesus was the long-prophesied Messiah of the Jewish nation. Indeed, it argues that Jesus never claimed that role but thought of himself as herald to the true Messiah: Marcus Julius Agrippa, the last King of the Jews and Jesus’ contemporary. It was he who truly founded what became known as Christianity, and wanted to build a faith to which anyone could aspire. Though Marcus Agrippa was initially successful, with the passing of time those in charge of the new faith capitulated to the whims of successive Roman Emperors and centered their religion on Jesus instead.

Record details

  • ISBN: 9781906787127
  • ISBN: 1906787123
  • Physical Description: 274 pages, 8 unnumbered pages of plates : illustrations ; 24 cm
  • Publisher: London : Watkins Pub., 2009.

Content descriptions

Bibliography, etc. Note:
Includes bibliographical references and index.
Formatted Contents Note:
Introduction -- Marcus Agrippa and the Gospel of St Mark -- Born in interesting times -- The survivor -- An enthronement -- The making of a messiah -- Allied to monsters -- The messiah's war -- Lifting the veil of Veronica -- Inside a messiah -- The gospel truth -- The super gospel -- The Hebrew Messiah -- The seeds of gnosis -- The Alexandrian connection -- The 'Mark' of authenticity -- Heretics and gnostics -- The lost past -- St Mark's throne -- Decoding the throne -- Apocalypse then -- The Agrippa code -- Kidnapping a tradition -- Concluding thoughts.
Subject: Herodian dynasty, 37 B.C.-ca. 100 A.D.
Mark, Saint.
Jews > Kings and rulers.
Christianity > Origin.
Church history.
Messiah.
San Marco
Genre: Christianity > origin
Religion
Nonfiction

Available copies

  • 1 of 1 copy available at scottsboropl.

Holds

  • 0 current holds with 1 total copy.
Show Only Available Copies
Location Call Number / Copy Notes Barcode Shelving Location Status Due Date
scottsboropl 220 Hul 32269000845209 Adult - Nonfiction Available -

LDR 01608cam a2200301Ia 4500
001131922
003SBPL
00520140703073306.0
008080816s2009 enkaf b 001 0 eng d
020 . ‡a9781906787127
020 . ‡a1906787123
035 . ‡a(CONS)131922
035 . ‡a(OCoLC)244064121 ‡z(OCoLC)732664231
050 4. ‡aBR165 ‡b.H84 2009
08204. ‡a270.1 ‡222
1001 . ‡aHuller, Stephan. : ‡eauthor
24514. ‡aThe real Messiah : ‡bthe throne of St. Mark and the true origins of Christianity / ‡cStephan Huller.
260 . ‡aLondon : ‡bWatkins Pub., ‡c2009.
300 . ‡a274 pages, 8 unnumbered pages of plates : ‡billustrations ; ‡c24 cm
336 . ‡atext ‡btxt ‡2rdacontent
337 . ‡aunmediated ‡bn ‡2rdamedia
338 . ‡avolume ‡bnc ‡2rdacarrier
504 . ‡aIncludes bibliographical references and index.
5050 . ‡aIntroduction -- Marcus Agrippa and the Gospel of St Mark -- Born in interesting times -- The survivor -- An enthronement -- The making of a messiah -- Allied to monsters -- The messiah's war -- Lifting the veil of Veronica -- Inside a messiah -- The gospel truth -- The super gospel -- The Hebrew Messiah -- The seeds of gnosis -- The Alexandrian connection -- The 'Mark' of authenticity -- Heretics and gnostics -- The lost past -- St Mark's throne -- Decoding the throne -- Apocalypse then -- The Agrippa code -- Kidnapping a tradition -- Concluding thoughts.
520 . ‡aHighly controversial but impeccably researched, The Real Messiah explodes the myth that Jesus was the long-prophesied Messiah of the Jewish nation. Indeed, it argues that Jesus never claimed that role but thought of himself as herald to the true Messiah: Marcus Julius Agrippa, the last King of the Jews and Jesus’ contemporary. It was he who truly founded what became known as Christianity, and wanted to build a faith to which anyone could aspire. Though Marcus Agrippa was initially successful, with the passing of time those in charge of the new faith capitulated to the whims of successive Roman Emperors and centered their religion on Jesus instead.
60030. ‡aHerodian dynasty, ‡d37 B.C.-ca. 100 A.D.
60000. ‡aMark, ‡cSaint.
650 0. ‡aJews ‡xKings and rulers.
650 0. ‡aChristianity ‡xOrigin.
650 0. ‡aChurch history.
650 0. ‡aMessiah.
651 0. ‡aSan Marco
655 7. ‡aChristianity ‡xorigin
655 7. ‡aReligion
655 7. ‡aNonfiction
901 . ‡a131922 ‡bUnknown ‡c131922 ‡tbiblio

Additional Resources